000 01080cab a2200301 4500
001 ABS50847
008 090401t1994 xxu||||| |||| 00| 0 eng d
035 _a(Sirsi) u72117
041 _aeng
100 _aEvans, D.M.
245 _aWorld heritage sites: beauty contest or planning constraint?
260 _c1994
350 _a0
490 _aJournal of Planning and Environment Law
_vJune 1994, 503-508(6)
520 _aDiscusses the nature of World Heritage Sites and examines if existing planning legislation is sufficient or whether further guidance is desirable. Focuses on issues such as designation, decisions relating to environmental controls, and at future issues.
650 _aCOUNCIL FOR BRITISH ARCHAEOLOGY
650 _aINTERNATIONAL COUNCIL ON MONUMENTS AND SITES
650 _aPLANNING ISSUES
650 _aPPG16
650 _aUNESCO
650 _aWORLD HERITAGE SITES
690 _aCONSERVATION
690 _aENVIRONMENTAL AND LAND CONSULTANCY
700 _aPugh-Smith, J.
700 _aSamuels, J.
942 _n0
948 _c04/03/1997
999 _c45513
_d45513